| 000 | 01035cam a22002651 4500 | ||
|---|---|---|---|
| 001 | ne 68002140 | ||
| 003 | DLC | ||
| 005 | 20260227111842.0 | ||
| 008 | 710901r19681863le d 00010 eng | ||
| 010 | _ane 68002140 | ||
| 040 |
_aDLC _cDLC _dDLC |
||
| 041 | 0 | _aengara | |
| 050 | 0 | 0 |
_aPJ6640 _b.L3 1968 |
| 082 | 0 | 0 | _a492.732 |
| 100 | 1 | 0 |
_aLane, Edward William, _d1801-1876. |
| 245 | 1 | 3 |
_aAn Arabic-English lexicon, _cby Edward William Lane. |
| 260 | 0 |
_aBeirut, _bLibrairie du Liban, _c1968. |
|
| 300 |
_a8 v. (xxxiv, 3064 p.) _c33 cm. |
||
| 500 | _aPhoto-offset of the edition published in London, 1863-93. | ||
| 500 | _aVols. 6-8 edited by Stanley Lane-Poole. | ||
| 500 | _aMemoir of Edward William Lane by Stanley Lane-Poole: v. 5, p. [v]-xxxix. | ||
| 505 | 0 | _a[pt. 1. ʼ - th.--pt. 2. j - kh.--pt. 3. d - z.--pt. 4. s - ṣ.--pt. 5. ḍ - ʻ.--pt. 6. gh - f.--pt. 7. q - m.--pt. 8. n - y, and suppl. to pts. 7 and 8. | |
| 650 | 0 |
_aArabic language _xDictionaries _xEnglish. |
|
| 700 | 2 | 1 |
_aLane-Poole, Stanley, _d1854-1931, _eed. |
| 999 |
_c50456 _d50456 |
||